000 00316nam a22001457a 4500
003 SGT
020 _a978-93-5140-937-0
082 _a530
_bC14M
100 _aMAL,S.B.
245 _aCONCISE ENGINEERING PHYSICS-2
260 _aNEW DELHI
_bPRAGATI PUB
_c2014
300 _a159
650 _aPHARMACY
942 _2ddc
_cBK
999 _c11053
_d11053